[Event "Bosnjaci op 28th"]
[Site "Bosnjaci"]
[Date "2024.01.09"]
[Round "9"]
[White "Damjanovic, Stjepan"]
[Black "Zufic, Miroslav"]
[Result "0-1"]
[WhiteElo "2149"]
[BlackElo "2354"]
[PlyCount "60"]
[EventDate "2024.01.03"]
[EventType "swiss"]
[EventRounds "9"]
[EventCountry "CRO"]
[SourceTitle "CB02_2024"]
[SourceDate "2024.01.10"]
[SourceVersion "1"]
[SourceVersionDate "2024.01.10"]
[SourceQuality "1"]

1. e4 c5 2. Nf3 d6 3. d4 cxd4 4. Nxd4 Nf6 5. Nc3 a6 6. Be3 e5 7. Nb3 Be6 8. f3 h5 9. Qd2 Nbd7 10. Nd5 Bxd5 11. exd5 a5 12. a4 Be7 13. Bb5 0-0 14. c4 Nc5 15. Nxc5 dxc5 16. 0-0-0 Qd6 17. h4 Ne8 18. g4 hxg4 19. fxg4 Nc7 20. Rdf1 Nxb5 21. axb5 a4 22. g5 a3 23. b3 f5 24. gxf6 Rxf6 25. Bg5 e4 26. Kb1 a2+ 27. Ka1 Qe5+ 28. Qb2 Rxf1+ 29. Rxf1 Qxb2+ 30. Kxb2 Bxg5 0-1

[Event "Bosnjaci op 28th"]
[Site "Bosnjaci"]
[Date "2024.01.04"]
[Round "3"]
[White "Valkovic, Kristian"]
[Black "Zufic, Miroslav"]
[Result "0-1"]
[WhiteElo "2026"]
[BlackElo "2354"]
[PlyCount "60"]
[EventDate "2024.01.03"]
[EventType "swiss"]
[EventRounds "9"]
[EventCountry "CRO"]
[SourceTitle "CB02_2024"]
[SourceDate "2024.01.10"]
[SourceVersion "1"]
[SourceVersionDate "2024.01.10"]
[SourceQuality "1"]

1. d4 Nf6 2. Nf3 c5 3. c3 Qa5 4. dxc5 Qxc5 5. g3 b6 6. Bg2 Bb7 7. 0-0 d6 8. Nbd2 Nbd7 9. Qc2 g6 10. e4 Bg7 11. Re1 0-0 12. Nf1 Rac8 13. h3 Qc7 14. N3d2 b5 15. Ne3 e6 16. Qd1 Nc5 17. Nc2 Nd3 18. Re3 Nxc1 19. Rxc1 Bh6 20. f4 e5 21. Qf3 d5 22. fxe5 Nxe4 23. Nxe4 dxe4 24. Qf6 Rce8 25. Rd1 Rxe5 26. Re2 Re6 27. Qh4 Qc5+ 28. Kh2 Bg5 29. Qg4 h5 30. b4 Qe5 0-1

[Event "CRO-chT1A 31st"]
[Site "Veli Losinj"]
[Date "2023.10.11"]
[Round "1.3"]
[White "Predojevic, Borki"]
[Black "Zufic, Miroslav"]
[Result "1/2-1/2"]
[WhiteElo "2580"]
[BlackElo "2345"]
[PlyCount "43"]
[EventDate "2023.10.11"]
[EventType "team-tourn"]
[EventRounds "7"]
[EventCountry "CRO"]
[SourceTitle "Mega2024 Update 01"]
[Source "Chessbase"]
[SourceDate "2023.11.12"]
[SourceVersion "1"]
[SourceVersionDate "2023.11.12"]
[SourceQuality "1"]
[WhiteTeam "Solin Cemex"]
[BlackTeam "Pula"]
[WhiteTeamCountry "CRO"]
[BlackTeamCountry "CRO"]

1. Nf3 Nf6 2. g3 b5 3. Bg2 Bb7 4. 0-0 e6 5. d3 d6 6. e4 Nbd7 7. a4 a6 8. Na3 Be7 9. Bd2 c6 10. c4 bxa4 11. Qxa4 0-0 12. Bc3 c5 13. Nb1 Ng4 14. Nbd2 Nge5 15. Qc2 Nc6 16. d4 cxd4 17. Nxd4 Nxd4 18. Bxd4 a5 19. Ra2 Bc6 20. b3 Bf6 21. Bxf6 Qxf6 22. Rfa1 1/2-1/2

[Event "Pula op 35th"]
[Site "Pula"]
[Date "2023.06.20"]
[Round "4"]
[White "Zufic, Miroslav"]
[Black "Andronescu, Madalin"]
[Result "1-0"]
[WhiteElo "2352"]
[BlackElo "2006"]
[PlyCount "129"]
[EventDate "2023.06.17"]
[EventType "swiss"]
[EventRounds "9"]
[EventCountry "CRO"]
[SourceTitle "CBM 214 Extra"]
[Source "ChessBase"]
[SourceDate "2023.07.31"]
[SourceVersion "1"]
[SourceVersionDate "2023.07.31"]
[SourceQuality "1"]

1. e4 c5 2. Nf3 d6 3. d4 cxd4 4. Nxd4 Nf6 5. Nc3 a6 6. Be2 e5 7. Nf3 b5 8. Bg5 Be7 9. Bxf6 Bxf6 10. a4 b4 11. Nd5 Bb7 12. Bc4 0-0 13. 0-0 Nd7 14. a5 Rc8 15. Qe2 Rc5 16. Nxb4 Rxa5 17. Bd5 Rxa1 18. Rxa1 a5 19. Qb5 Bxd5 20. Nxd5 Nc5 21. Nc3 a4 22. Nd2 Qb8 23. Qxb8 Rxb8 24. Nxa4 Ra8 25. b3 Bg5 26. Nc4 Nxe4 27. Re1 Nc5 28. Nxc5 dxc5 29. Nxe5 f6 30. Nf3 Ra2 31. Nxg5 fxg5 32. Rc1 c4 33. bxc4 Ra4 34. Kf1 Rxc4 35. Ke2 Kf7 36. Kd3 Rf4 37. f3 Ke6 38. Re1+ Kd6 39. c4 h5 40. Re4 Rf5 41. Kd4 Ra5 42. Re2 Rf5 43. Ra2 Rf4+ 44. Kc3 g4 45. fxg4 Rxg4 46. h3 Rg3+ 47. Kd4 Kc6 48. Rc2 h4 49. Ke4 Kc5 50. Kf4 Rg6 51. Kf5 Rg3 52. Re2 Kxc4 53. Re4+ Kd3 54. Rxh4 Rxg2 55. Rg4 Rh2 56. h4 Ra2 57. Rxg7 Ra5+ 58. Kg6 Ra6+ 59. Kh7 Ke4 60. h5 Kf5 61. h6 Ra1 62. Rf7+ Ke6 63. Kg7 Rh1 64. Rf6+ Ke5 65. Rg6 1-0

[Event "CRO-chT1A 30th"]
[Site "Porec"]
[Date "2022.09.26"]
[Round "3.2"]
[White "Trbojevic, Mladen"]
[Black "Zufic, Miroslav"]
[Result "1-0"]
[WhiteElo "2332"]
[BlackElo "2370"]
[PlyCount "55"]
[EventDate "2022.09.24"]
[EventType "team-tourn"]
[EventRounds "9"]
[EventCountry "CRO"]
[SourceTitle "CBM 210 Extra"]
[Source "ChessBase"]
[SourceDate "2022.11.30"]
[SourceVersion "1"]
[SourceVersionDate "2022.11.30"]
[SourceQuality "1"]
[WhiteTeam "Strigova Stridon"]
[BlackTeam "Pula"]
[WhiteTeamCountry "CRO"]
[BlackTeamCountry "CRO"]

1. e4 c5 2. c3 d5 3. exd5 Qxd5 4. d4 g6 5. Nf3 Bg7 6. Na3 cxd4 7. Nb5 Na6 8. Nbxd4 Nf6 9. Bb5+ Bd7 10. Bxa6 bxa6 11. 0-0 0-0 12. Re1 Rfe8 13. Ne5 Rab8 14. h3 Red8 15. Qe2 Bb5 16. Nxb5 axb5 17. Bf4 Qb7 18. a4 Nd5 19. Bg3 bxa4 20. c4 Nb4 21. Rxa4 Rbc8 22. Qe4 Qxe4 23. Rxe4 Rd1+ 24. Kh2 Bxe5 25. Rxe5 Nc6 26. Rc5 Rdd8 27. b4 a6 28. b5 1-0

[Event "CRO Cup"]
[Site "Vodice"]
[Date "2022.05.20"]
[Round "4.4"]
[White "Segovic, Goran"]
[Black "Zufic, Miroslav"]
[Result "1/2-1/2"]
[WhiteElo "2291"]
[BlackElo "2384"]
[PlyCount "81"]
[EventDate "2022.05.18"]
[EventType "team-swiss"]
[EventRounds "6"]
[EventCountry "CRO"]
[SourceTitle "CBM 208 Extra"]
[Source "ChessBase"]
[SourceDate "2022.07.31"]
[SourceVersion "1"]
[SourceVersionDate "2022.07.31"]
[SourceQuality "1"]
[WhiteTeam "Mihovljan Sloboda"]
[BlackTeam "Pula"]
[WhiteTeamCountry "CRO"]
[BlackTeamCountry "CRO"]

1. e4 c5 2. Nf3 Nc6 3. d4 cxd4 4. Nxd4 e5 5. Nb5 d6 6. c4 Be6 7. N1c3 a6 8. Na3 g6 9. Be3 Nf6 10. f3 Bg7 11. Nc2 0-0 12. Qd2 Rc8 13. Rc1 Nd4 14. b3 b5 15. Nd5 bxc4 16. bxc4 Bxd5 17. cxd5 Nxe4 18. fxe4 Qh4+ 19. Kd1 Qg4+ 20. Ke1 Qh4+ 21. Kd1 Qg4+ 22. Ke1 Qxe4 23. Bd3 Qxd5 24. Bxd4 exd4 25. Kf2 Qh5 26. Qe2 Qg5 27. Rhe1 Rc3 28. Rcd1 a5 29. Rf1 h5 30. Kg1 Qd8 31. Qf3 d5 32. Kh1 Qd7 33. Qf4 Qa4 34. Qd2 Rb8 35. Ne1 Ra3 36. Bb1 Re3 37. Nf3 Rb4 38. Ng5 Rb7 39. Qf2 Qe8 40. Bd3 Qe7 41. Nf3 1/2-1/2

[Event "CRO-chT1A 29th"]
[Site "Mali Losinj"]
[Date "2021.10.02"]
[Round "8.3"]
[White "Zufic, Miroslav"]
[Black "Pecnik, Leo"]
[Result "1-0"]
[WhiteElo "2366"]
[BlackElo "2346"]
[PlyCount "129"]
[EventDate "2021.09.25"]
[EventType "team-tourn"]
[EventRounds "9"]
[EventCountry "CRO"]
[SourceTitle "CBM 204 Extra"]
[Source "ChessBase"]
[SourceDate "2021.11.30"]
[SourceVersion "1"]
[SourceVersionDate "2021.11.30"]
[SourceQuality "1"]
[WhiteTeam "Pula"]
[BlackTeam "Split Mornar"]
[WhiteTeamCountry "CRO"]
[BlackTeamCountry "CRO"]

1. e4 c5 2. Nf3 a6 3. Nc3 d6 4. d4 cxd4 5. Nxd4 e6 6. Be3 Nf6 7. Qd2 Be7 8. Be2 Qc7 9. 0-0-0 Nbd7 10. g4 Ne5 11. g5 Nfg4 12. f4 Nxe3 13. Qxe3 Nc4 14. Bxc4 Qxc4 15. Kb1 Bd7 16. f5 0-0-0 17. Rhf1 Qc5 18. Qg3 Qe5 19. Qg1 Kb8 20. h4 Rhf8 21. Nf3 Qa5 22. Qd4 Rg8 23. Nd2 Qe5 24. Qd3 Bc6 25. Nf3 Qc5 26. Nd4 Bd7 27. fxe6 fxe6 28. Rf7 Rde8 29. a3 Bc8 30. b4 Qb6 31. Kb2 h6 32. Qg3 hxg5 33. hxg5 g6 34. e5 Ka8 35. Rxe7 Rxe7 36. exd6 Rf7 37. Ne4 a5 38. c3 Bd7 39. Nf6 Rd8 40. Nb3 Ba4 41. Qe5 Bxb3 42. Kxb3 Rff8 43. Qxe6 Qf2 44. bxa5 Rh8 45. Qe7 Qc5 46. Rd5 Qg1 47. Qe4 Rh2 48. d7 Qa1 49. Rc5 Qd1+ 50. Kc4 Qa4+ 51. Kd5 Rxd7+ 52. Ke6 Qxe4+ 53. Nxe4 Rd3 54. Kf7 Rh4 55. Nf6 Ra4 56. Kxg6 Rxa3 57. c4 Ka7 58. Kf7 Ka6 59. g6 Rxa5 60. Rd5 Rg3 61. g7 Rxd5 62. cxd5 b5 63. d6 Kb6 64. g8Q Rxg8 65. Nxg8 1-0

[Event "CRO-chT1A 29th"]
[Site "Mali Losinj"]
[Date "2021.10.01"]
[Round "7.3"]
[White "Medak, Bojan"]
[Black "Zufic, Miroslav"]
[Result "0-1"]
[WhiteElo "2361"]
[BlackElo "2366"]
[PlyCount "106"]
[EventDate "2021.09.25"]
[EventType "team-tourn"]
[EventRounds "9"]
[EventCountry "CRO"]
[SourceTitle "CBM 204 Extra"]
[Source "ChessBase"]
[SourceDate "2021.11.30"]
[SourceVersion "1"]
[SourceVersionDate "2021.11.30"]
[SourceQuality "1"]
[WhiteTeam "Osijek Ferit"]
[BlackTeam "Pula"]
[WhiteTeamCountry "CRO"]
[BlackTeamCountry "CRO"]

1. Nf3 b6 2. g3 Bb7 3. Bg2 g6 4. 0-0 Bg7 5. c4 c5 6. Nc3 Nf6 7. d4 cxd4 8. Qxd4 d6 9. Qh4 h6 10. Rd1 Nbd7 11. Rb1 Rc8 12. b3 a6 13. Bb2 0-0 14. Qf4 Re8 15. Qe3 Bc6 16. Nd5 b5 17. Nd4 Ba8 18. Nxf6+ exf6 19. Qf4 Bxg2 20. Kxg2 bxc4 21. bxc4 Ne5 22. Rbc1 Nxc4 23. Nc6 Rxc6 24. Rxc4 Qa8 25. Rxc6 Qxc6+ 26. e4 Qb7 27. Bc3 Rxe4 28. Qf3 d5 29. Bxf6 Qc6 30. Bxg7 Kxg7 31. Qd3 Re5 32. Qd4 Qf6 33. Rd2 g5 34. Rb2 Re6 35. Qxf6+ Kxf6 36. Kf3 Ke5 37. Ke3 g4 38. Rb4 h5 39. h3 f5 40. hxg4 hxg4 41. Rb8 Rc6 42. Re8+ Kf6 43. Rf8+ Kg6 44. Rg8+ Kf7 45. Rd8 Rc3+ 46. Kf4 Rf3+ 47. Ke5 Rxf2 48. Rxd5 Kg6 49. Rd6+ Kg5 50. Rxa6 Rf3 51. Ra8 Re3+ 52. Kd4 Rxg3 53. a4 Kf4 0-1

[Event "CRO-chT1A 29th"]
[Site "Mali Losinj"]
[Date "2021.09.29"]
[Round "5.2"]
[White "Zufic, Miroslav"]
[Black "Stevic, Hrvoje"]
[Result "0-1"]
[WhiteElo "2366"]
[BlackElo "2577"]
[PlyCount "68"]
[EventDate "2021.09.25"]
[EventType "team-tourn"]
[EventRounds "9"]
[EventCountry "CRO"]
[SourceTitle "CBM 204 Extra"]
[Source "ChessBase"]
[SourceDate "2021.11.30"]
[SourceVersion "1"]
[SourceVersionDate "2021.11.30"]
[SourceQuality "1"]
[WhiteTeam "Pula"]
[BlackTeam "Zagreb Zagreb"]
[WhiteTeamCountry "CRO"]
[BlackTeamCountry "CRO"]

1. e4 e5 2. Nf3 Nc6 3. Bc4 Nf6 4. d3 Bc5 5. 0-0 d6 6. c3 h6 7. Nbd2 0-0 8. b4 Bb6 9. Bb3 Ne7 10. Nc4 Ng6 11. a4 c6 12. Nxb6 axb6 13. h3 d5 14. Bc2 Re8 15. Re1 Be6 16. Be3 Qc7 17. Qc1 c5 18. Qb2 d4 19. Bd2 Nh5 20. a5 Nhf4 21. Kh2 Qd7 22. Ng1 dxc3 23. Qxc3 cxb4 24. Qxb4 bxa5 25. Rxa5 Nxd3 26. Bxd3 Rxa5 27. Qxa5 Qxd3 28. Nf3 Bd7 29. Qb6 Bc6 30. Re3 Qc4 31. Qb4 Qf1 32. Be1 Nf4 33. Nh4 g5 34. Rg3 Ne2 0-1

[Event "Titled Tuesday intern op 06th July"]
[Site "Chess.com INT"]
[Date "2021.07.06"]
[Round "2"]
[White "Zufic, Miroslav"]
[Black "Lauridsen, Jesper Morch"]
[Result "0-1"]
[WhiteElo "2366"]
[BlackElo "2215"]
[PlyCount "54"]
[EventDate "2021.07.06"]
[EventType "swiss (blitz)"]
[EventRounds "11"]
[EventCountry "USA"]
[SourceTitle "EXT 2022"]
[Source "ChessBase"]
[SourceDate "2021.10.06"]
[SourceVersion "1"]
[SourceVersionDate "2021.10.06"]
[SourceQuality "1"]

1. e4 e5 2. Nf3 Nc6 3. Bb5 Nf6 4. 0-0 Nxe4 5. Re1 Nd6 6. Nxe5 Nxe5 7. Rxe5+ Be7 8. Bf1 0-0 9. d4 Bf6 10. Re1 Nf5 11. d5 c6 12. Nc3 Bxc3 13. bxc3 cxd5 14. Qxd5 d6 15. Bd3 Ne7 16. Qh5 Ng6 17. Bg5 Qc7 18. Re3 Qxc3 19. Rae1 Qb4 20. Re4 Qa5 21. h4 f6 22. Re7 fxg5 23. Bxg6 hxg6 24. Qxg6 Qc3 25. Re8 Bf5 26. Rxf8+ Rxf8 27. Qxg5 Qxe1+ 0-1

[Event "Titled Tuesday intern op 29th June"]
[Site "Chess.com INT"]
[Date "2021.06.29"]
[Round "8"]
[White "Zufic, Miroslav"]
[Black "Havanecz, Bianka"]
[Result "0-1"]
[WhiteElo "2366"]
[BlackElo "2257"]
[PlyCount "94"]
[EventDate "2021.06.29"]
[EventType "swiss (blitz)"]
[EventRounds "11"]
[EventCountry "USA"]
[SourceTitle "CBM 203 Extra"]
[Source "ChessBase"]
[SourceDate "2021.09.30"]
[SourceVersion "1"]
[SourceVersionDate "2021.09.30"]
[SourceQuality "1"]

1. e4 e5 2. Nf3 Nc6 3. Bb5 a6 4. Ba4 Nf6 5. 0-0 Be7 6. Re1 b5 7. Bb3 d6 8. c3 0-0 9. h3 Nb8 10. d4 Nbd7 11. c4 exd4 12. Nxd4 b4 13. a3 bxa3 14. Nxa3 Nc5 15. Bc2 a5 16. Nc6 Qe8 17. Nxe7+ Qxe7 18. Nb5 Rd8 19. f3 h6 20. Be3 Ne6 21. Nc3 Qe8 22. Nd5 Nd7 23. b4 c6 24. Nb6 Nxb6 25. Bxb6 Rd7 26. Rxa5 Rxa5 27. bxa5 Ba6 28. Ba4 Qc8 29. Qc2 Nf4 30. Be3 Ne6 31. Rd1 Qc7 32. Qc3 Nc5 33. Bc2 Nb7 34. Bb6 Qc8 35. f4 Nc5 36. Kh2 Ne6 37. f5 Ng5 38. e5 dxe5 39. Rxd7 Qxd7 40. Qxe5 Qd2 41. Be4 Bxc4 42. Qe8+ Kh7 43. f6+ g6 44. Bc7 Nxe4 45. Qxe4 Qd7 46. Qe5 Bb5 47. Qe7 Qe6 0-1

[Event "Titled Tuesday intern op 29th June"]
[Site "Chess.com INT"]
[Date "2021.06.29"]
[Round "3"]
[White "Zufic, Miroslav"]
[Black "Yonal, Timur"]
[Result "1-0"]
[WhiteElo "2366"]
[BlackElo "1818"]
[PlyCount "85"]
[EventDate "2021.06.29"]
[EventType "swiss (blitz)"]
[EventRounds "11"]
[EventCountry "USA"]
[SourceTitle "CBM 203 Extra"]
[Source "ChessBase"]
[SourceDate "2021.09.30"]
[SourceVersion "1"]
[SourceVersionDate "2021.09.30"]
[SourceQuality "1"]

1. e4 c5 2. Nf3 e6 3. d4 cxd4 4. Nxd4 Nf6 5. Nc3 Nc6 6. Ndb5 Bc5 7. Bf4 e5 8. Bg5 h6 9. Bxf6 gxf6 10. Nd5 Kf8 11. Bc4 d6 12. Qf3 Kg7 13. Qg3+ Kf8 14. 0-0-0 a6 15. Nbc3 b5 16. Bb3 Rb8 17. f4 a5 18. a4 b4 19. Nb5 Nd4 20. Nxd4 Bxd4 21. Rxd4 exd4 22. Rd1 Be6 23. Rxd4 Bxd5 24. Bxd5 Rc8 25. Qd3 Qc7 26. Bb3 Rd8 27. g3 Kg7 28. Rc4 Qb6 29. Qd5 Qg1+ 30. Qd1 Qxd1+ 31. Kxd1 d5 32. exd5 Rxd5+ 33. Ke2 Re8+ 34. Kf3 Rd1 35. Rc7 Rf8 36. Kg4 Rd4 37. Ra7 Rd2 38. h4 Rg2 39. h5 Rf2 40. Rxa5 Re2 41. Ra7 Re4 42. Rb7 Re6 43. Bxe6 1-0

[Event "Titled Tuesday intern op 15th June"]
[Site "Chess.com INT"]
[Date "2021.06.15"]
[Round "8"]
[White "Guzman Moneo, Alberto"]
[Black "Zufic, Miroslav"]
[Result "0-1"]
[WhiteElo "2196"]
[BlackElo "2366"]
[PlyCount "94"]
[EventDate "2021.06.15"]
[EventType "swiss (blitz)"]
[EventRounds "11"]
[EventCountry "USA"]
[SourceTitle "CBM 203 Extra"]
[Source "ChessBase"]
[SourceDate "2021.09.30"]
[SourceVersion "1"]
[SourceVersionDate "2021.09.30"]
[SourceQuality "1"]

1. e4 c5 2. Nc3 d6 3. f4 g6 4. Nf3 Bg7 5. Bc4 Nc6 6. d3 e6 7. 0-0 Nge7 8. a3 a6 9. Ba2 b5 10. f5 gxf5 11. Bg5 h6 12. Bh4 Qc7 13. Qe2 Nd4 14. Nxd4 cxd4 15. exf5 dxc3 16. f6 Bxf6 17. Bxf6 Rg8 18. Bxc3 Bb7 19. Rf2 0-0-0 20. a4 b4 21. Bf6 Rg6 22. Bxe7 Qxe7 23. c3 bxc3 24. Rc1 Rdg8 25. Rxc3+ Kb8 26. g3 Qh4 27. Kf1 Rxg3 28. Ke1 Rg1+ 29. Kd2 Qg5+ 30. Kc2 Rc1+ 31. Kb3 Qd5+ 32. Ka3 Rxc3+ 33. bxc3 Qc5+ 34. Kb2 Ka8 35. d4 Qb6+ 36. Ka3 Rc8 37. Qd3 e5 38. Rxf7 e4 39. Qe3 d5 40. Rf2 Rb8 41. Rb2 Qd6+ 42. Kb3 Bc6+ 43. Kc2 Bxa4+ 44. Kc1 Qa3 45. Bxd5+ Ka7 46. Qe2 Qa1+ 47. Rb1 Qxb1+ 0-1

[Event "Titled Tuesday intern op 15th June"]
[Site "Chess.com INT"]
[Date "2021.06.15"]
[Round "7"]
[White "Zufic, Miroslav"]
[Black "Erdogdu, Mert"]
[Result "0-1"]
[WhiteElo "2366"]
[BlackElo "2396"]
[PlyCount "102"]
[EventDate "2021.06.15"]
[EventType "swiss (blitz)"]
[EventRounds "11"]
[EventCountry "USA"]
[SourceTitle "CBM 203 Extra"]
[Source "ChessBase"]
[SourceDate "2021.09.30"]
[SourceVersion "1"]
[SourceVersionDate "2021.09.30"]
[SourceQuality "1"]

1. e4 c5 2. Nf3 d6 3. d4 cxd4 4. Nxd4 Nf6 5. Nc3 a6 6. g3 e6 7. Bg2 Be7 8. 0-0 0-0 9. h3 Bd7 10. g4 h6 11. Nce2 Nc6 12. c3 Rc8 13. Ng3 Qc7 14. f4 Rfe8 15. Be3 Bf8 16. g5 hxg5 17. fxg5 Nh7 18. h4 Ne5 19. h5 Qd8 20. g6 fxg6 21. hxg6 Nxg6 22. Qh5 Ne5 23. Bh3 Nf6 24. Qh4 Nfg4 25. Bg5 Be7 26. Bxe7 Qxe7 27. Qxe7 Rxe7 28. Nh5 Rf8 29. Rxf8+ Kxf8 30. Nf4 Kg8 31. Kg2 g5 32. Nh5 Rh7 33. Bxg4 Nxg4 34. Rh1 Kf7 35. Kg3 Ne5 36. Rf1+ Ke7 37. Nf6 Rf7 38. Ng8+ Kf8 39. Rxf7+ Kxf7 40. Nh6+ Kg6 41. Ng8 Kf7 42. Nh6+ Kg7 43. Ng4 Nxg4 44. Kxg4 e5+ 45. Nf5+ Kf6 46. c4 Bxf5+ 47. exf5 e4 48. b4 b6 49. a4 e3 50. Kf3 Kxf5 51. Kxe3 Ke5 0-1

[Event "Titled Tuesday intern op 15th June"]
[Site "Chess.com INT"]
[Date "2021.06.15"]
[Round "3"]
[White "Zufic, Miroslav"]
[Black "Samaganova, Alexandra"]
[Result "1-0"]
[WhiteElo "2366"]
[BlackElo "1993"]
[PlyCount "77"]
[EventDate "2021.06.15"]
[EventType "swiss (blitz)"]
[EventRounds "11"]
[EventCountry "USA"]
[SourceTitle "CBM 203 Extra"]
[Source "ChessBase"]
[SourceDate "2021.09.30"]
[SourceVersion "1"]
[SourceVersionDate "2021.09.30"]
[SourceQuality "1"]

1. b3 c5 2. Bb2 Nc6 3. Nf3 Nf6 4. e3 e6 5. c4 d5 6. cxd5 exd5 7. Bb5 Be7 8. 0-0 0-0 9. d4 Bg4 10. dxc5 Bxc5 11. Nbd2 Rc8 12. Rc1 Be7 13. h3 Bh5 14. Qe2 Qa5 15. a3 Rfd8 16. b4 Qb6 17. g4 Bg6 18. Ne5 Nxe5 19. Bxe5 a6 20. Ba4 Qe6 21. Bd4 h5 22. f3 hxg4 23. hxg4 Bd6 24. Kg2 Nh7 25. Qf2 Bd3 26. Rh1 Rxc1 27. Rxc1 Be5 28. Nb3 Bc4 29. Nc5 Qf6 30. Nxb7 Rb8 31. Nc5 Bxd4 32. exd4 Ng5 33. Nd7 Qd8 34. Nxb8 Qxb8 35. Qe3 f6 36. Qe8+ Qxe8 37. Bxe8 Ne6 38. Bc6 Nxd4 39. Bb7 1-0

[Event "Titled Tuesday intern op 01st June"]
[Site "Chess.com INT"]
[Date "2021.06.01"]
[Round "8"]
[White "Bonte, Andrei Mihai"]
[Black "Zufic, Miroslav"]
[Result "0-1"]
[WhiteElo "2313"]
[BlackElo "2366"]
[PlyCount "66"]
[EventDate "2021.06.01"]
[EventType "swiss (blitz)"]
[EventRounds "11"]
[EventCountry "USA"]
[SourceTitle "CBM 202 Extra"]
[Source "ChessBase"]
[SourceDate "2021.07.31"]
[SourceVersion "1"]
[SourceVersionDate "2021.07.31"]
[SourceQuality "1"]

1. d4 Nf6 2. c4 g6 3. Nc3 Bg7 4. e4 d6 5. Nf3 0-0 6. Be2 e5 7. 0-0 Nbd7 8. Be3 Re8 9. dxe5 dxe5 10. Qc2 c6 11. Rfd1 Qe7 12. a3 Nh5 13. b4 Nf4 14. c5 Nxe2+ 15. Nxe2 Nf8 16. Nd2 Be6 17. Nc4 Bxc4 18. Qxc4 Ne6 19. Rd6 Qc7 20. Rad1 Rad8 21. f3 h5 22. Nc1 Nd4 23. Rxd8 Rxd8 24. Nb3 Nxf3+ 25. gxf3 Rxd1+ 26. Kg2 Qd7 27. Na5 Kh7 28. Qe2 Bh6 29. Nc4 Bxe3 30. Qxe3 Qe6 31. Qe2 Rc1 32. Nd6 Qb3 33. Qd2 Rc2 0-1

[Event "Titled Tuesday intern op 01st June"]
[Site "Chess.com INT"]
[Date "2021.06.01"]
[Round "1"]
[White "Zufic, Miroslav"]
[Black "Deuer, Marius"]
[Result "1-0"]
[WhiteElo "2366"]
[BlackElo "2283"]
[PlyCount "77"]
[EventDate "2021.06.01"]
[EventType "swiss (blitz)"]
[EventRounds "11"]
[EventCountry "USA"]
[SourceTitle "CBM 202 Extra"]
[Source "ChessBase"]
[SourceDate "2021.07.31"]
[SourceVersion "1"]
[SourceVersionDate "2021.07.31"]
[SourceQuality "1"]

1. e4 e5 2. Nf3 Nc6 3. Bb5 a6 4. Ba4 Nf6 5. 0-0 Be7 6. Re1 b5 7. Bb3 0-0 8. h3 d5 9. exd5 Nxd5 10. Nxe5 Nxe5 11. Rxe5 Nf6 12. d4 Bd6 13. Re1 Bb7 14. Nd2 c5 15. dxc5 Bxc5 16. Nf3 Qxd1 17. Rxd1 Rad8 18. Be3 Bxe3 19. fxe3 Nd5 20. Kf2 Rfe8 21. Rd3 Nb4 22. Rxd8 Rxd8 23. a3 Nc6 24. Ke2 Na5 25. Ba2 Bxf3+ 26. gxf3 Kf8 27. Rd1 Rc8 28. c3 Ke7 29. Rd4 Nc4 30. Bxc4 bxc4 31. Kd2 g6 32. Kc2 f5 33. Rd5 Ke6 34. Ra5 Rc6 35. h4 h6 36. e4 fxe4 37. fxe4 Kf6 38. Rd5 Ke6 39. a4 1-0

[Event "Titled Tuesday intern op 25th May"]
[Site "Chess.com INT"]
[Date "2021.05.25"]
[Round "1"]
[White "Poobesh Anand, Selvaraj"]
[Black "Zufic, Miroslav"]
[Result "1-0"]
[WhiteElo "2389"]
[BlackElo "2366"]
[PlyCount "55"]
[EventDate "2021.05.25"]
[EventType "swiss (blitz)"]
[EventRounds "11"]
[EventCountry "USA"]
[SourceTitle "CBM 203 Extra"]
[Source "ChessBase"]
[SourceDate "2021.09.30"]
[SourceVersion "1"]
[SourceVersionDate "2021.09.30"]
[SourceQuality "1"]

1. e4 c5 2. Nf3 d6 3. d4 cxd4 4. Nxd4 Nf6 5. Nc3 a6 6. Be3 e5 7. Nb3 Be6 8. f3 Be7 9. Qd2 0-0 10. 0-0-0 a5 11. Bb5 Na6 12. Kb1 Qb8 13. Na4 Nc7 14. Be2 b5 15. Nb6 a4 16. Nxa8 Qxa8 17. Nc1 d5 18. exd5 Nfxd5 19. Nd3 b4 20. Bc5 Bxc5 21. Nxc5 Bc8 22. Bc4 Rd8 23. Qxb4 Bf5 24. Bxd5 Nxd5 25. Qb7 Nc3+ 26. bxc3 Rb8 27. Ka1 Rxb7 28. Nxb7 1-0

[Event "Titled Tuesday intern op 18th May"]
[Site "Chess.com INT"]
[Date "2021.05.18"]
[Round "8"]
[White "Khamzin, Olzhas"]
[Black "Zufic, Miroslav"]
[Result "0-1"]
[WhiteElo "2301"]
[BlackElo "2366"]
[PlyCount "74"]
[EventDate "2021.05.18"]
[EventType "swiss (blitz)"]
[EventRounds "11"]
[EventCountry "USA"]
[SourceTitle "CBM 202 Extra"]
[Source "ChessBase"]
[SourceDate "2021.07.31"]
[SourceVersion "1"]
[SourceVersionDate "2021.07.31"]
[SourceQuality "1"]

1. e4 c5 2. c3 Nf6 3. e5 Nd5 4. d4 cxd4 5. Qxd4 e6 6. Nf3 Nc6 7. Qe4 f5 8. exf6 Nxf6 9. Qh4 Be7 10. Bd3 0-0 11. Bg5 h6 12. Bxh6 gxh6 13. Qg3+ Kh8 14. Qg6 Qe8 15. Qxh6+ Kg8 16. Qg5+ Kh8 17. Nh4 Qh5 18. Ng6+ Kg7 19. Qxh5 Nxh5 20. Nxf8 Bxf8 21. g3 d5 22. Nd2 e5 23. 0-0-0 e4 24. Be2 Nf6 25. f3 Bc5 26. Nb3 Be3+ 27. Kc2 Bf5 28. fxe4 Bxe4+ 29. Bd3 Bxh1 30. Rxh1 Rf8 31. Re1 Bb6 32. Nd2 Ng4 33. h3 Ne3+ 34. Kb3 Rf2 35. Nb1 Ne5 36. Be2 a6 37. a4 Ng2 0-1

[Event "Titled Tuesday intern op 18th May"]
[Site "Chess.com INT"]
[Date "2021.05.18"]
[Round "7"]
[White "Maksimovic, Bojan"]
[Black "Zufic, Miroslav"]
[Result "1-0"]
[WhiteElo "2420"]
[BlackElo "2366"]
[PlyCount "95"]
[EventDate "2021.05.18"]
[EventType "swiss (blitz)"]
[EventRounds "11"]
[EventCountry "USA"]
[SourceTitle "CBM 202 Extra"]
[Source "ChessBase"]
[SourceDate "2021.07.31"]
[SourceVersion "1"]
[SourceVersionDate "2021.07.31"]
[SourceQuality "1"]

1. e4 c5 2. Nf3 Nc6 3. d4 cxd4 4. Nxd4 Qb6 5. Nb3 Nf6 6. Nc3 e6 7. Be3 Qc7 8. Bd3 Bb4 9. 0-0 Bxc3 10. bxc3 d6 11. c4 b6 12. Nd4 Nxd4 13. Bxd4 e5 14. Bb2 Be6 15. Ba3 Rd8 16. Qe2 0-0 17. Rfd1 Rc8 18. f3 Rfd8 19. Rac1 Ne8 20. c5 dxc5 21. Ba6 Rxd1+ 22. Rxd1 Rd8 23. Rxd8 Qxd8 24. Bb2 f6 25. a4 Nd6 26. h3 h6 27. Kh2 Qe7 28. f4 Bd7 29. fxe5 fxe5 30. Qh5 Nf7 31. Bc4 Be6 32. Bd5 Bxd5 33. exd5 Qd6 34. c4 e4+ 35. Kg1 e3 36. Qg4 g6 37. Qe4 Kf8 38. Qxe3 g5 39. Qe4 Qf4 40. Qxf4 gxf4 41. Kf2 Nd6 42. Kf3 Nxc4 43. Bc1 Ke7 44. Kxf4 h5 45. Ke4 Nd6+ 46. Ke5 Nf7+ 47. Kf5 Kd6 48. Ke4 1-0